Basic Ophthalmology / (Record no. 35764)

MARC details
000 -LEADER
fixed length control field 00481nam a22001817a 4500
005 - DATE AND TIME OF LATEST TRANSACTION
control field 20240513153058.0
008 - FIXED-LENGTH DATA ELEMENTS--GENERAL INFORMATION
fixed length control field 240513b |||||||| |||| 00| 0 eng d
020 ## - INTERNATIONAL STANDARD BOOK NUMBER
ISBN 9788184484519
082 ## - DEWEY DECIMAL CLASSIFICATION NUMBER
Classification number 617.7
Item number JOG-B
100 ## - MAIN ENTRY--AUTHOR
Author Name Jogi,Renu
245 ## - TITLE STATEMENT
Title Basic Ophthalmology /
Statement of responsibility, etc. Jogi,Renu
250 ## - EDITION STATEMENT
Edition statement 4th ed.
260 ## - PUBLICATION, DISTRIBUTION, ETC.
Place of Publication India :
Name of publisher, distributor, etc. jaypee brothers ;
Date of publication, distribution, etc. 2009 .
300 ## - PHYSICAL DESCRIPTION
Pages viii 502p. :
500 ## - GENERAL NOTE
General note include index .
650 ## - SUBJECT ADDED ENTRY--TOPICAL TERM
Subject / Department Medical / Ophthalmology
300 ## - PHYSICAL DESCRIPTION
-- ill;
-- 24 cm.
952 ## - LOCATION AND ITEM INFORMATION (KOHA)
-- 0
-- 0
952 ## - LOCATION AND ITEM INFORMATION (KOHA)
-- 0
-- 0
952 ## - LOCATION AND ITEM INFORMATION (KOHA)
-- 0
-- 0
952 ## - LOCATION AND ITEM INFORMATION (KOHA)
-- 0
-- 0
952 ## - LOCATION AND ITEM INFORMATION (KOHA)
-- 0
-- 0
952 ## - LOCATION AND ITEM INFORMATION (KOHA)
-- 0
-- 0
952 ## - LOCATION AND ITEM INFORMATION (KOHA)
-- 0
-- 0
952 ## - LOCATION AND ITEM INFORMATION (KOHA)
-- 0
-- 0
952 ## - LOCATION AND ITEM INFORMATION (KOHA)
-- 0
-- 0
952 ## - LOCATION AND ITEM INFORMATION (KOHA)
-- 0
-- 0
952 ## - LOCATION AND ITEM INFORMATION (KOHA)
-- 0
-- 0
952 ## - LOCATION AND ITEM INFORMATION (KOHA)
-- 0
-- 0
952 ## - LOCATION AND ITEM INFORMATION (KOHA)
-- 0
-- 0
952 ## - LOCATION AND ITEM INFORMATION (KOHA)
-- 0
-- 0
952 ## - LOCATION AND ITEM INFORMATION (KOHA)
-- 0
-- 0
Holdings
Lost status Damaged status Collection code Permanent Location Current Location Shelving Location Date acquired Full Call Number Accession No./Barcode Date last seen Copy number item type Koha item type
    Medical Superior Information Resource Center (SIRC) Superior University- Central Library Superior Information Resource Center (SIRC) Superior University- Central Library Ophthalmology 05/13/2024 617.7 JOG-B 2009 5899 05/13/2024 1 BOOK BOOK
    Medical Superior Information Resource Center (SIRC) Superior University- Central Library Superior Information Resource Center (SIRC) Superior University- Central Library Ophthalmology 05/13/2024 617.7 JOG-B 2009 5900 12/19/2025 2 BOOK BOOK
    Medical Superior Information Resource Center (SIRC) Superior University- Central Library Superior Information Resource Center (SIRC) Superior University- Central Library Ophthalmology 05/13/2024 617.7 JOG-B 2009 5901 04/30/2026 3 BOOK BOOK
    Medical Superior Information Resource Center (SIRC) Superior University- Central Library Superior Information Resource Center (SIRC) Superior University- Central Library Ophthalmology 05/13/2024 617.7 JOG-B 2009 5903 05/13/2024 4 BOOK BOOK
    Medical Superior Information Resource Center (SIRC) Superior University- Central Library Superior Information Resource Center (SIRC) Superior University- Central Library Ophthalmology 05/13/2024 617.7 JOG-B 2009 5904 05/14/2025 5 BOOK BOOK
    Medical Superior Information Resource Center (SIRC) Superior University- Central Library Superior Information Resource Center (SIRC) Superior University- Central Library Ophthalmology 05/13/2024 617.7 JOG-B 2009 5906 05/13/2024 6 BOOK BOOK
    Medical Superior Information Resource Center (SIRC) Superior University- Central Library Superior Information Resource Center (SIRC) Superior University- Central Library Ophthalmology 05/13/2024 617.7 JOG-B 2009 5907 12/11/2025 7 BOOK BOOK
    Medical Superior Information Resource Center (SIRC) Superior University- Central Library Superior Information Resource Center (SIRC) Superior University- Central Library Ophthalmology 05/13/2024 617.7 JOG-B 2009 5908 05/13/2024 8 BOOK BOOK
    Medical Superior Information Resource Center (SIRC) Superior University- Central Library Superior Information Resource Center (SIRC) Superior University- Central Library Ophthalmology 05/13/2024 617.7 JOG-B 2009 5910 04/29/2026 9 BOOK BOOK
    Medical Superior Information Resource Center (SIRC) Superior University- Central Library Superior Information Resource Center (SIRC) Superior University- Central Library Ophthalmology 05/13/2024 617.7 JOG-B 2009 5911 02/25/2025 10 BOOK BOOK
    Medical Superior Information Resource Center (SIRC) Superior University- Central Library Superior Information Resource Center (SIRC) Superior University- Central Library Ophthalmology 05/13/2024 617.7 JOG-B 2009 5912 05/13/2024 11 BOOK BOOK
    Medical Superior Information Resource Center (SIRC) Superior University- Central Library Superior Information Resource Center (SIRC) Superior University- Central Library Ophthalmology 05/13/2024 617.7 JOG-B 2009 5913 05/13/2024 12 BOOK BOOK
    Medical Superior Information Resource Center (SIRC) Superior University- Central Library Superior Information Resource Center (SIRC) Superior University- Central Library Ophthalmology 05/13/2024 617.7 JOG-B 2009 5916 03/04/2026 13 BOOK BOOK
    Medical Superior Information Resource Center (SIRC) Superior University- Central Library Superior Information Resource Center (SIRC) Superior University- Central Library Ophthalmology 05/13/2024 617.7 JOG-B 2009 5917 03/03/2025 14 BOOK BOOK
    Medical Superior Information Resource Center (SIRC) Superior University- Central Library Superior Information Resource Center (SIRC) Superior University- Central Library Ophthalmology 05/13/2024 617.7 JOG-B 2009 5918 04/23/2025 15 BOOK BOOK

Powered by Koha